[Event "Krynica zt"]
[Site "Krynica"]
[Date "1998.09.03"]
[Round "2"]
[White "Almasi, Zoltan"]
[Black "Chatalbashev, Boris"]
[Result "1-0"]
[WhiteElo "2650"]
[BlackElo "2535"]
[Annotator "Tsesarsky,I"]
[PlyCount "89"]
[EventDate "1998.09.02"]
[EventType "swiss"]
[EventRounds "9"]
[EventCountry "POL"]
[SourceTitle "CBM 067"]
[Source "ChessBase"]
[SourceDate "1998.11.30"]
[SourceVersion "2"]
[SourceVersionDate "1998.11.01"]
[SourceQuality "1"]

{[%mdl 20512]} 1. e4 c5 2. Nf3 Nc6 3. d4 cxd4 4. Nxd4 g6 5. c4 Bg7 6. Be3 Nf6
7. Nc3 Ng4 8. Qxg4 Nxd4 9. Qd1 e5 10. Bd3 O-O 11. O-O d6 (11... a6 12. Rc1 (12.
Nd5 d6 13. Qd2 Be6 14. f4 b5 15. f5 Bxd5 16. cxd5 Qb6 17. Kh1 Rfc8 18. f6 Bf8
19. Qf2 Rc5 20. Rac1 Rac8 21. Bxd4 exd4 22. Qxd4 Qc7 23. Rce1 $16 {0-1 Speck
Nicholas-Kagan,I/Melbourne Australia ch 1994 (86)}) 12... Rb8 13. Bb1 b5 14.
cxb5 axb5 15. f4 d6 16. f5 Bb7 17. a3 $14 {1-0 Smyslov,V-Listengarten,L/Moscow
1967 (30)}) (11... f5 $2 12. exf5 gxf5 13. Bxd4 exd4 14. Nd5 d6 15. Re1 Rf7 16.
Qh5 $18 {1-0 Van Mil Lucas-Slingerland Caroline/Ch Netherlands (team) 1996 (38)
}) 12. Nb5 $6 $11 (12. Kh1 Be6 13. f4 exf4 14. Bxf4 Rc8 15. Nd5 Nc6 16. Qd2
Bxd5 17. cxd5 Ne5 18. Rac1 Qd7 19. b3 a6 {1/2-1/2 Dvoirys,S-Kuzmin,G/Moscow
open Russian Winter 1991 (19)}) (12. f4 f5 13. Bxd4 exd4 14. Nd5 Kh8 15. exf5
Bxf5 16. Bxf5 Rxf5 17. Qb3 $16 {1-0 Perez Pardo,J-Clemente,A/ESP 1993 (30)}) (
12. Rc1 Be6 13. Ne2 (13. b3 a6 14. Bb1 b5 15. cxb5 Nxb5 16. Nxb5 axb5 17. Rc6
d5 18. exd5 {1/2-1/2 Gulko,B-Seirawan,Y/Key West Florida (1O) 1994 (18)}) 13...
Nc6 (13... a6 14. Bb1 Qf6 15. b3 Rab8 16. Qd3 b5 17. cxb5 axb5 18. Rfd1 Nxe2+
19. Qxe2 Rfd8 20. Rc6 $16 (20. Rc7 Rd7 21. Rc6 Qd8 22. Bd3 b4 23. Bb5 $14 {
0-1 Liebert,H-Espig,L/Strasbourg ch20-DDR 1971 (42)})) 14. Qd2 Qe7 15. Rfd1
Rad8 16. b3 (16. b4 b6 17. a3 f5 18. exf5 gxf5 19. f4 $14 {1/2-1/2
Mastrovasilis,D-Roiz,M/Eu Youth bu16, Mureck AUT 1998 (52)}) 16... f5 17. f3
Kh8 18. Nc3 f4 19. Bf2 g5 20. Qe2 Rg8 21. h3 h5 22. Kf1 Rd7 23. Ke1 Rc8 24. Bb1
$14 {1/2-1/2 Pecnik,L-Roiz,M/Eu Youth bu16, Mureck AUT 1998 (51)}) (12. Ne2 Be6
13. Nxd4 exd4 14. Bd2 Rc8 15. b3 f5 16. exf5 Bxf5 17. Bxf5 Rxf5 18. Rc1 d5 $11
(18... Qf8 $2 19. f4 d5 20. g4 Rf7 21. cxd5 Rd8 22. Qf3 Rfd7 23. f5 $16 {
1-0 Luther,T-Shishkin,V/MK Cafe, Koszalin POL 1997 (46)})) (12. a4 $5 a6 (12...
Be6 13. Nb5 a6 14. Nxd4 exd4 15. Bd2 Rc8 16. b3 (16. Qb3 Qd7 17. a5 Rc5 18. Qa4
$11 {1-0 King,D-Rogers,I/BL 1996 (42)}) 16... f5 17. exf5 Bxf5 18. Bb4 $5 (18.
Qf3 d5 (18... Qd7 19. Rfe1 Rf7 20. Bxf5 Rxf5 21. Qd3 Rcf8 22. Re2 $16 {1-0
Spraggett,K-Garcia,I/Candas op 1992 (40)}) 19. Rac1 Qd7 20. cxd5 Bxd3 21. Qxd3
Qxd5 $11 {1-0 Smyslov,V-Fabiano,G/Roma op 1990 (45)}) 18... Be5 19. Ra2 Qg5 20.
g3 Bd7 21. Be4 Bc6 22. Bd2 Qd8 23. Re1 $14 {1-0 Horvath,J-Kallai,G/Magyar
Bajnoksag 1995 (36)}) (12... b6 13. Nb5 a6 14. Nxd4 exd4 15. Bd2 Bb7 16. a5
bxa5 17. Rxa5 Re8 18. Re1 Rc8 19. b4 Re5 20. Rxe5 dxe5 $11 (20... Bxe5 21. Qb3
$14 {0-1 Wirthensohn,H-Steiger,W/OLBaden 1992 (36)})) (12... Nc6 13. Nd5 Be6
14. Qd2 Nd4 15. Ra3 $14 {1/2-1/2 Vera,R-Matamoros Franco,C/Capablanca Premier
1997 (43)}) 13. a5 Be6 14. Qa4 (14. Nd5 Rc8 (14... Bxd5 15. exd5 $14 {Hebert,J}
) 15. Nb6 Rc7 16. Bxd4 exd4 17. f4 f6 (17... f5 18. exf5 Bxf5 19. Nd5 $14) 18.
Qf3 $14 {1-0 Hebert,J-Sermek,D/Cannes op 1995 (50)}) 14... Rc8 15. Nd5 Bxd5 (
15... f5 16. Bxd4 exd4 17. exf5 Bxf5 18. Qb3 $14) 16. cxd5 $14 {1-0 Shabalov,
A-Baburin,A/Mermaid Beach 1998/EXP 62/[Tsesarsky] (32)} (16. exd5 Qh4 $132))
12... Nxb5 13. cxb5 d5 (13... Be6 $11) 14. exd5 Qxd5 15. f3 (15. Qe2 e4 16. Bc4
Qe5 17. b3 Be6 $11) 15... Be6 16. Qe2 Qd7 (16... Rfd8 $2 17. Rfd1 $1 $16 {
[%csl Rd5]}) (16... Qd8 $1 17. Rfd1 Qh4 $11) 17. Rfd1 Qe7 18. a4 (18. Rac1 Rfc8
(18... Bxa2 19. Bc5 $14) 19. Rxc8+ Rxc8 20. b3 b6 $11) 18... Rfd8 (18... Qb4
19. a5 Rfd8 $11 (19... Bb3 20. Rdc1 Rfd8 $11)) 19. a5 Qb4 (19... Bb3 20. Rdc1
Qd7 $11) 20. Rdc1 Rd7 21. Bc5 Qh4 22. Bc4 (22. b6 a6 23. Ra3 (23. Bc4 Bxc4 24.
Rxc4 Qf6 25. Be3 Rad8 26. Rac1 Bf8 27. Rc7 Bb4 28. Rxd7 Rxd7 29. Rc8+ Kg7 30.
Bc5 e4 31. Bxb4 Qd4+ 32. Kf1 Qxb4 $17) (23. Bf2 Qd8 24. Ra3 Bf8 25. Bc5 Bf5 $1
26. Bxf5 Bxc5+ 27. Rxc5 Rd1+ $19) 23... Rad8 24. Bf2 (24. b4 Bh6 25. Rf1 Bf4
26. g3 Bxg3 27. hxg3 Qxg3+ 28. Kh1 Qh3+ 29. Kg1 Rd5 30. Be7 R8d7 31. Bf6 Qg3+
32. Kh1 e4 33. fxe4 Rxd3 (33... Rh5+ 34. Qxh5 gxh5 35. Rg1 $18) 34. Rxd3 Rxd3
$19) 24... Qe7 25. Bc5 Qf6 26. Rac3 $132) 22... Bxc4 23. Rxc4 Qd8 (23... Rd2
24. Qf1 (24. Qxd2 Qxc4 25. Qb4 Qxb4 26. Bxb4 Rc8 27. Rd1 $11) 24... Qg5 $11)
24. Be3 a6 $6 (24... Rd5 $1 25. b6 axb6 26. Bxb6 Rd2 27. Qe1 Qd5 28. Rac1 Rxb2
29. Rc8+ Rxc8 30. Rxc8+ Bf8 31. Bc5 Qxc5+ 32. Rxc5 Bxc5+ 33. Kh1 Bd4 $11 (33...
Bb4 34. Qc1 Rd2 35. Qc8+ Kg7 36. g3 Bxa5 37. Qxb7 Bc3 $11)) 25. b6 h5 (25...
Rc8 26. Rxc8 Qxc8 27. Rc1 Qd8 28. b4 Bf8 29. b5 axb5 30. Qxb5 Rd1+ 31. Rxd1
Qxd1+ 32. Kf2 Qc2+ 33. Qe2 Qa4 (33... Qc8 34. Qb2 $1 Bd6 35. a6 bxa6 36. b7 Qb8
37. Qb6 e4 38. Qxa6 Bxh2 39. Qa8 Kg7 40. Qxb8 Bxb8 41. fxe4 Kf6 42. Kf3 g5 43.
Bf2 $18) 34. a6 bxa6 35. b7 Bd6 36. Ba7 $16) 26. Rac1 Rd3 (26... Qe7 27. Rc7
Rad8 28. Qe1 f5 29. b4 e4 30. Bf2 Bb2 31. R1c2 Qe5 32. Rxd7 Rxd7 33. fxe4 fxe4
34. Rc5 Qe7 35. h3 $16 {[%csl Gb6,Rg8]}) 27. Bg5 (27. b4 Qd5 28. Rc5 Qb3 $132)
27... Qd7 28. h3 Rb8 (28... f6 29. Be3 Rd8 30. Rc8 Bf8 31. Rxd8 Qxd8 32. Rc8
Rd1+ 33. Kh2 Qxc8 34. Qxd1 Kg7 35. Qd5 $132) 29. Kh1 Rd5 $2 $16 (29... Rb3 $1
30. Qc2 (30. Rc5 Qd4 $132) 30... Rb5 (30... Qb5 $2 31. Rc8+ Rxc8 32. Qxc8+ Kh7
33. Qxb7 Qxa5 34. Qxf7 $18) 31. b4 Bf8 32. Qe4 Qd5 33. Rc8 (33. Qxd5 Rxd5 34.
Rc8 Rxc8 35. Rxc8 Kg7 36. Bh6+ Kxh6 37. Rxf8 Kg7 38. Rc8 Rb5 (38... Rd4 39. b5
$18) 39. Rc7 Rxb4 40. Rxb7 Rb5 41. Ra7 Rxa5 42. Ra8 Rb5 43. Rxa6 Rb1+ 44. Kh2
h4 $11) 33... Rxc8 34. Rxc8 Kg7 35. Bh6+ Kxh6 36. Rxf8 Qxe4 37. fxe4 Rxb4 38.
Rxf7 Rb5 (38... Rxe4 $4 39. Rxb7 Ra4 40. Rb8 Kg7 41. Ra8 $18) 39. Rxb7 Rxa5 $11
) 30. Rc5 Rxc5 31. Rxc5 Rc8 32. Qd2 Qf5 (32... Qe6 33. Rc7 Rb8 34. Re7 Qc6 35.
b4 Bf8 (35... f6 36. Bh6 $18) 36. Rxe5 $16) 33. Rc7 Re8 $2 $18 (33... Rb8 34.
Qd5 $16) 34. Be3 $2 $16 (34. Rxb7 e4 (34... Bf8 35. Qd7 $18) 35. fxe4 Qxe4 36.
Ra7 Qe1+ 37. Qxe1 Rxe1+ 38. Kh2 Be5+ 39. g3 Re2+ 40. Kh1 Rxb2 41. Rxa6 $18)
34... e4 35. f4 Bf6 $2 $18 (35... Rb8 36. Re7 (36. b4 Bf8 37. Qd4 (37. Bc5 Bh6
38. Be3 Bf8 $11) (37. Qb2 Bd6 $15) 37... Qe6 38. Bc1 (38. Rc4 Re8 $11) (38. Bd2
Bd6 $1 (38... Bg7 $2 39. Qd7 Qxd7 40. Rxd7 Bf6 41. Be3 Bc3 42. b5 axb5 43. a6
bxa6 44. b7 Ba5 45. Ba7 e3 (45... Rf8 46. Kg1 b4 47. b8=Q Rxb8 48. Bxb8 $18)
46. Bxb8 e2 47. Re7 $18) 39. Rc1 Re8 $132) 38... Bd6 39. Bb2 f6 40. Qxf6 Qxf6
41. Bxf6 Bxc7 42. bxc7 Rc8 43. Bd8 h4 $1 (43... Kf7 44. g4 Ke6 45. Kg2 Kd5 46.
gxh5 gxh5 47. f5 Ke5 48. f6 $18) 44. Kg1 (44. g4 hxg3 45. Kg2 Kf7 46. Kxg3 Ke6
47. Kf2 Kf5 48. Ke3 Ra8 49. Bg5 Rc8 50. Bd8 $11) 44... Kf7 45. Kf2 Ke6 46. Ke2
(46. Ke3 Kf5 $22 47. Bxh4 Rxc7 48. g4+ Ke6 49. Be1 Rc4 $17) 46... Kd6 47. Kd2
Ke6 $11 (47... Kc6 48. Ke2 Kb5 49. Ke3 Kxb4 50. Kxe4 Kxa5 51. Kd5 Kb4 52. Kd6
$18)) 36... Qb5 (36... Bf6 37. Qd6 Bxe7 38. Qxb8+ $18) (36... Qf6 37. Qd7 Bf8
38. Re5 $16 (38. Rxe4 Qxb2 39. Re5 Bg7 (39... Qc3 40. Bd2 $16) 40. Re7 $16))
37. b4 $16) 36. Rxb7 Rd8 37. Qe2 Qxa5 38. Kh2 (38. Qc4 Qd5 39. Qxa6 Bxb2 40.
Rc7 $16 Qb3 41. Rc8 Qxe3 42. Rxd8+ Kg7 43. Rd1 Qxf4 44. Rf1 Qg3 45. Rxf7+ Kxf7
46. Qa2+ Kf6 47. Qxb2+ $18) 38... Qd5 (38... Qb5 39. Qxb5 axb5 40. Rc7 $18) 39.
Rc7 Kg7 (39... Rb8 40. Qxa6 $18) 40. b7 Rb8 41. Qxa6 Bd4 42. Bxd4+ Qxd4 43. Qc6
Qf6 44. Qxe4 Qxb2 45. Qd5 1-0

[Event "Donetzk zt"]
[Site "Donetsk"]
[Date "1998.11.08"]
[Round "6"]
[White "Savchenko, Stanislav"]
[Black "Neverov, Valeriy"]
[Result "1-0"]
[WhiteElo "2555"]
[BlackElo "2515"]
[Annotator "Tsesarsky,I"]
[PlyCount "69"]
[EventDate "1998.11.02"]
[EventType "swiss"]
[EventRounds "11"]
[EventCountry "UKR"]
[SourceTitle "CBM 068"]
[Source "ChessBase"]
[SourceDate "1999.02.01"]
[SourceVersion "1"]
[SourceVersionDate "1999.02.01"]
[SourceQuality "1"]

{[%mdl 24676]} 1. Nf3 Nf6 2. c4 g6 3. Nc3 c5 4. d4 cxd4 5. Nxd4 Nc6 6. e4 Bg7
7. Be3 Ng4 8. Qxg4 Nxd4 9. Qd1 Ne6 10. Rc1 b6 11. Bd3 Bb7 12. O-O O-O 13. Qd2 (
13. Re1 Rc8 14. b4 Nd4 15. f4 d6 16. Bf1 e5 17. fxe5 (17. Nd5 Ne6 18. f5 Nc7
$11) (17. Qd2 Qf6 18. Rcd1 Rfe8 19. Qf2 Bc6 (19... Ne6 20. Nb5 exf4 21. Bc1
Rcd8 22. Nxd6 Re7 23. Nxb7 Rxd1 24. Rxd1 Rxb7 $11) 20. g4 Ne6 21. f5 gxf5 22.
exf5 Ng5 23. Nd5 Bxd5 24. Rxd5 $1 Rxc4 25. Qg2 Rec8 (25... Rxb4 26. Bd2 Rb2 27.
h4 Ne6 28. fxe6 fxe6 29. Rxd6 (29. g5 Qe7 30. Rb5 Rxa2 31. Bc4 $14) 29... Qxh4
30. Re2 Rxa2 31. Bg5 Rxe2 32. Bxh4 Rxg2+ 33. Bxg2 Bf8 34. Rd7 Bc5+ 35. Kh2 a5
36. Be4 $16) 26. Bxc4 $16 {1-0 Kortchnoi,V-Makarov,G/USSR 1973/Inf 15 (36)})
17... dxe5 18. Nd5 f5 19. Bd3 fxe4 20. Bxe4 Rf7 21. Qg4 $14) (13. b4 Rc8 (13...
f5 14. exf5 gxf5 15. f4 $14 {1/2-1/2 Csom,I-Groszpeter,A/Budapest Tungsram
1978/[MClas 03 (41)}) (13... a5 14. a3 axb4 15. axb4 Ra3 16. Nb5 Ra2 17. Nc3 (
17. Rc2 Ra1 18. Qd2 Rxf1+ 19. Kxf1 Bc6 20. Nc3 $14) 17... Ra3 (17... Ra8) 18.
Qd2 f5 19. Nd5 (19. exf5 gxf5 20. f4 (20. Nd5 b5 21. Be2 f4 22. Nxf4 Nxf4 23.
Bxf4 Qa8 24. g3 (24. f3 Qa7+ 25. Kh1 Ra2 $19) 24... Ra2 25. Qe3 e5 26. Bg5 $1
$16 (26. Bxe5 $2 Bh1 $1 27. f3 Re8 $132)) 20... Qa8 21. Nb5 Ra2 22. Rc2 Ra6 $14
) 19... Bxd5 20. exd5 f4 21. dxe6 fxe3 22. Qxe3 Rf6 23. exd7 $16 {1-0 Csom,
I-Planinc,A/Banja Luka 1974/Inf 18 (43)}) (13... Qe8 14. f4 f5 15. Nd5 Kh8 16.
exf5 gxf5 17. Be2 Rg8 18. Bh5 Qf8 19. Rf2 Rc8 20. Bf3 $14 {1-0 Renet,
O-Apicella,M/Montpellier French ch 1991/[Ernst] (59)}) (13... Nd4 14. Bb1 Nc6
15. a3 d6 16. Qd3 Rc8 17. f4 $14) 14. Qd2 f5 (14... Ba6 15. Nd5 Nc7 16. c5 Bxd3
17. Qxd3 bxc5 18. Bxc5 Nxd5 19. Qxd5 Bh6 20. Rcd1 Rc7 21. e5 $14 {1/2-1/2
Nunn-Larsen/Hastings 1988 (62)}) 15. exf5 gxf5 16. f4 Qe8 17. Be2 Qf7 18. Nd5
$14 {1/2-1/2 Gallagher,J-Huss,B/Neuchatel op 1996/EXT 96op2 (47)}) (13. Bb1 a6
(13... d6 14. f4 Nc5 (14... f5 15. exf5 gxf5 16. Rf2 Qe8 17. b3 Qg6 $14 (17...
Qf7 18. Nd5 Nc5 19. Bd4 e6 (19... Bxd4 20. Qxd4 e6 21. Rf3 h6 22. Rg3+ Kh7 23.
Re1 $18) 20. Bxg7 Qxg7 21. Rf3 $1 Kh8 22. Rg3 Qh6 23. Rh3 Qg7 24. Rcc3 $1 Rae8
$5 (24... exd5 $4 25. Rcg3 Qf7 26. Rh6 $4 (26. Rxh7+ $3 Kxh7 (26... Qxh7 27.
Qd4+ $18) 27. Qg4 Kh8 28. Bxf5 $1 $18) 26... Ne6 (26... Rg8 $4 27. Qd4+ $18 {
1-0 Schneider-Wirius,S/Vienna AUT 1987 (29)}) 27. cxd5 Ng7 28. Qd4 Qe7 $15) 25.
Rcg3 Qd7 26. Rh6 $1 Bxd5 27. Qd4+ e5 28. Qxd5 $16)) 15. f5 (15. Bd4 e5 16. Be3
exf4 17. Bxf4 Re8 18. Bxd6 Nxe4 19. Nxe4 Bxe4 20. Bxe4 Rxe4 21. Qd5 Re6 22. Ba3
Rc8 $11) 15... Nd7 16. b3 Ne5 17. Nd5 e6 18. f6 exd5 19. fxg7 Re8 20. cxd5 $14
{1-0 Olafsson,F-Huebner,R/Wijk aan Zee 1971/Inf 11 (41)}) (13... f5 14. exf5
gxf5 15. f3 (15. b4 f4 (15... Qe8 16. f4 Kh8 17. Nd5 d6 18. g4 fxg4 19. Qxg4
Nd4 20. Qh3 h5 (20... h6 $4 21. f5 $1 (21. Bxd4 $5 Bxd4+ 22. Kh1 Rf6 (22... Bg7
23. Qd3 $18) 23. Be4 $1 (23. Qd3 Qf7 24. Qxd4 e6 25. Be4 $16) 23... Bxd5 24.
Bxd5 Rd8 $16) 21... Bxd5 (21... Ne2+ 22. Kh1 Nxc1 (22... Qf7 23. Bxh6 $18) 23.
Bxh6 Bxd5+ 24. cxd5 Ne2 25. Bxg7+ Kxg7 26. f6+ $18) 22. cxd5 Rg8 23. f6 $18 {
1-0 Akesson,R-Ward,C/Gausdal Troll 1996 (28)}) 21. Bd3 $14) 16. Qh5 h6 17. Qg6
Rf6 18. Qh7+ Kf8 19. Bd2 Ng5 20. Qd3 f3 $132) (15. f4 Qe8 16. Rf2 Rc8 17. Nd5
$6 (17. b3 $14) 17... Nc7 18. Nc3 $5 (18. Nxc7 Rxc7 19. c5 Qc8 $132) 18... Bc6
(18... Ne6 $5) (18... d6) 19. Bd3 (19. b3 Qg6 20. Bd3 Kh8 21. Be2 Rg8 22. Bf3
$14) 19... Qf7 $14 {1/2-1/2 Savon-Silva/Odessa 1976 (41)}) 15... d6 16. Qd2 Rf7
17. Nd5 Be5 18. Bf4 $6 Nxf4 (18... Bg7 $6 19. Rfe1 Nxf4 $11 (19... Nf8 $4 20.
Bxf5 $1 (20. Rcd1 $4 Rc8 21. b3 $14 {0-1 Jansa,V-Shalimov,V/Komercni Banka,
Pardubice CZE 1997 (42)}) 20... Bxd5 21. Qxd5 Bxb2 22. Bg5 Bxc1 23. Rxe7 Qxe7
24. Bxe7 Re8 25. Bxf8 Kxf8 26. Qxd6+ $16)) 19. Nxf4 Qc8 $11) 14. b3 Bc6 15. Qd2
b5 16. c5 b4 17. Nd5 a5 18. Rfd1 $14 {1-0 Kushnir,A-Gaprindashvili,N/WchW
Tbilisi ,BIG 1969 (47)}) 13... d6 (13... Re8 14. f4 (14. Bh6 Bf6 15. Nd5 Bh8
16. Rfd1 a6 17. Be3 $14 {1-0 Chess Genius 1-Felegyhazi,L/BUEK '94 1994 (89)})
14... Nc5 15. f5 d6 16. Rf4 Be5 17. Rh4 e6 18. Rh3 Nxd3 19. Qxd3 Qc7 $132 {
1/2-1/2 Frey,K-Hernandez,R/Bayamo 1983 (35)}) (13... f5 14. exf5 gxf5 15. Bh6
Rf7 16. Bxg7 Rxg7 17. Nd5 Nc5 18. f3 e6 19. Nc3 Qh4 $15 {0-1 Hass,R-Woda,J/POL
ch tt Porabka POL 1986 (36)}) (13... Nc5 14. Bb1 (14. Bc2 Qc7 15. b4 Ne6 16.
Nd5 Qd6 17. f4 Rfe8 18. f5 $1 $16 (18. Ba4 Bc6 19. Bb3 Rad8 (19... Rac8 20. f5
gxf5 21. exf5 Bxd5 22. cxd5 Rxc1 23. Rxc1 Nc7 24. Bf4 Be5 25. Bxe5 Qxe5 26. d6
$14 {1/2-1/2 Chess Genius-Risc 2500/3/93 Liebert 1993 (51)}) 20. f5 gxf5 21.
Rxf5 Be5 22. Rh5 $14 {1-0 Chess Genius-Risc 2500/3/93 Liebert 1993 (34)}))
14... a5 15. Rcd1 d6 16. Rfe1 Qd7 17. Bh6 a4 18. Bxg7 Kxg7 19. Re3 $36 {
1/2-1/2 Nerenz,M-Lutzkat/cr DDR 1990 (27)}) 14. Rfd1 $14 (14. Bb1 a5 15. b3 Nc5
16. Rcd1 (16. Rfe1 Re8 17. Bg5 Bc6 18. Nd5 $14 {1/2-1/2 Belikov,V-Lukovnikov,A/
Open, Voronezh RUS 1998 (26)}) 16... Bc6 17. Rfe1 Qc7 18. h4 Qb7 19. Bh6 Rad8
20. Bxg7 Kxg7 21. f4 $14 {1/2-1/2 Cseshkovsky,V-Hernandez,R/Leipzig ,MCL 1975 
(41)}) 14... Rc8 15. b4 Qd7 16. f3 $5 (16. Nd5 $14) 16... Ba6 (16... Nd4 17.
Nd5 e6 18. Nf4 $14) 17. Ne2 $6 $11 (17. Nd5 Bb7 (17... Nc7 $2 18. c5 bxc5 (
18... Bxd3 19. c6 Qe6 20. Qxd3 $16) 19. Bxa6 Nxa6 20. bxc5 e6 21. Nf4 Be5 22.
Ne2 d5 23. exd5 exd5 24. Qxd5 Qxd5 25. Rxd5 Rfe8 26. Kf2 $16) 18. a3 $14) 17...
Qa4 $1 (17... Bb7 $14) 18. f4 Rfe8 (18... Bb7 19. Rb1 $14 (19. Nc3 $2 Qxb4 20.
Nd5 Qxd2 21. Nxe7+ Kh8 22. Rxd2 Rce8 23. Nd5 Nc5 $15) (19. f5 Nc7 (19... gxf5
20. exf5 Nc7 21. Ng3 $16) 20. Rf1 $14)) 19. f5 Nf8 (19... Nc7 20. Rf1 $14) 20.
Bd4 $5 (20. Nd4 Nd7 21. Nf3 (21. Bc2 $2 Qxa2 (21... Qa3 22. Bb3 $132) 22. Ra1
Qxc4 23. Bb3 Qc3 24. Rxa6 Bxd4 25. Bxf7+ Kxf7 26. Qxd4 Qxd4 27. Bxd4 Rc7 28.
Rda1 Rc4 $17) 21... Bb7 22. fxg6 hxg6 23. Rf1 $132) (20. Nf4 Nd7 21. fxg6 hxg6
22. b5 Bb7 $15) (20. b5 Bb7 21. Rf1 Nd7 22. Nc3 Qa5 $132) 20... Bxd4+ (20...
Nd7 21. Bxg7 Kxg7 $132) 21. Nxd4 Nd7 22. Bc2 (22. fxg6 hxg6 23. Nf3 Bb7 24. Rf1
a5 $11) 22... Qa3 23. Bb3 Bb7 24. Nb5 (24. Nc2 Qb2 $132) 24... Qa6 25. Qf4 Kg7
$4 $16 (25... Bc6 $1 26. Nd4 Ba4 $1 (26... Qb7 $2 27. Nxc6 Rxc6 28. c5 Nf6 29.
Bd5 Nxd5 30. exd5 Rcc8 31. c6 $16) 27. b5 Qa5 28. Nc6 Rxc6 29. bxc6 Qc5+ 30.
Kh1 Bxc6 $44) (25... Ba8 26. a4 Rf8 (26... Qb7 27. fxg6 hxg6 28. c5 $18) 27.
Qg5 Rfe8 28. c5 Bxe4 29. cxd6 Rxc1 30. Rxc1 Bxf5 31. Nc7 $18) (25... Rf8) 26.
Nxd6 $2 $14 (26. a4 $1 {[%csl Ra6]} Rf8 (26... Ba8 27. c5 bxc5 28. fxg6 fxg6
29. Qf7+ (29. Nc7 Rxc7 30. Qf7+ Kh6 31. Qxe8 Qb6 (31... Bxe4 32. Qxe7 Qe2 33.
Qh4+ Kg7 34. Qg5 Ne5 35. Re1 $18) 32. Qxa8 c4+ 33. Kh1 cxb3 34. Rxc7 Qxc7 35.
Qd5 Qc2 36. Qd2+ Qxd2 37. Rxd2 $16) 29... Kh6 30. Be6 Bc6 (30... Ne5 31. Bxc8
Qxc8 32. Qf4+ g5 33. Qg3 $16) 31. bxc5 Bxb5 32. axb5 Qxb5 33. Rc3 Ne5 34. Rh3+
Kg5 35. Qg7 $18) 27. Rf1 $16) 26... exd6 27. Rxd6 Rxe4 $1 (27... Ne5 28. c5 $2
(28. f6+ Kh8 29. Rc3 $1 g5 30. Qxg5 Ng6 (30... Rg8 31. Qxe5 $18) 31. Rh3 Rxe4
32. Qh6 Re1+ 33. Kf2 $18) 28... Qe2 $132) 28. f6+ Kg8 $1 (28... Kf8 $4 29. Qh6+
Ke8 30. c5 $18) (28... Kh8 $5 29. Qh6 Nxf6 30. Rxf6 Re7 31. Rcf1 Kg8 32. b5 (
32. c5 Qe2 33. Qh3 Rf8 34. Qg3 Ba6 35. cxb6 axb6 36. Qg5 $132) 32... Qa3 33.
Rxf7 Qc5+ 34. R7f2 Rf7 $14) 29. Qh6 Nxf6 30. Rxf6 Re2 $4 $18 (30... Re7 31. c5
Qe2 32. Qg5 $132) 31. Rxf7 $3 (31. Rf2 Rxf2 32. Kxf2 Qa3 33. Qd2 a5 34. bxa5
Qc5+ 35. Kf1 bxa5 $15) 31... Rxg2+ 32. Kf1 Kxf7 33. Qxh7+ Kf8 (33... Kf6 34.
Re1 $18) 34. Re1 Bd5 (34... Rxa2 35. b5 Bg2+ 36. Kg1 Qa3 37. Qh8+ Kf7 38. Qxc8
$18) 35. Re7 1-0

[Event "Pinamar Masters 2nd"]
[Site "Pinamar"]
[Date "2002.03.23"]
[Round "4"]
[White "Slipak, Sergio"]
[Black "Mohr, Georg"]
[Result "1/2-1/2"]
[WhiteElo "2498"]
[BlackElo "2509"]
[Annotator "Wells,P"]
[PlyCount "139"]
[EventDate "2002.03.21"]
[EventType "tourn"]
[EventRounds "9"]
[EventCountry "ARG"]
[EventCategory "11"]
[SourceTitle "CBM 088"]
[Source "ChessBase"]
[SourceDate "2002.03.21"]
[SourceVersion "1"]
[SourceVersionDate "2002.03.21"]
[SourceQuality "1"]

1. d4 g6 2. c4 Bg7 3. Nf3 c5 4. e4 cxd4 5. Nxd4 Nc6 6. Be3 Nf6 7. Nc3 Ng4 8.
Qxg4 Nxd4 9. Qd1 Ne6 10. Qd2 Qa5 11. Rc1 b6 12. Be2 Bb7 13. f3 g5 {[%csl Gf4]}
14. b3 h5 15. h4 $6 {I don't really believe black's system, but I don't like
this move. In a sense it battles for f4, but it also encourages an expansion
that does indeed yield some counterplay.} g4 16. Nd5 Qxd2+ 17. Kxd2 gxf3 18.
gxf3 Be5 19. Rhg1 Kf8 $13 {[%csl Yf4][%cal Gb7d5,Ge6f4,Ge5f4] directly or
indirectly black's minor pieces show an admirable spirit of single-minded
teamwork in targetting f4.} 20. f4 Bxd5 21. cxd5 Nxf4 22. Bb5 Ke8 23. Rg5 f6
24. Rg7 a6 25. Rcg1 Rf8 26. Bf1 f5 27. R7g5 b5 28. Rxf5 Rxf5 29. exf5 Kf7 30.
Bxf4 Bxf4+ 31. Kd3 Be5 32. Be2 Rc8 33. Bxh5+ Kf8 34. Bf3 Rc3+ 35. Ke4 d6 36. h5
Rc2 37. Rg2 Rxg2 38. Bxg2 Bc3 39. Kd3 Be1 40. a3 a5 41. Bf1 Kg7 42. Ke4 a4 43.
Bxb5 axb3 44. Bd3 Kh6 45. Kd4 Kxh5 46. Kc4 b2 47. a4 Kg4 48. Kb5 Kf4 49. a5 Ke3
50. Bb1 Bxa5 51. Kxa5 Kd4 52. Kb6 Kxd5 53. Kc7 Kc4 54. Kd7 d5 55. Kxe7 d4 56.
f6 d3 57. f7 d2 58. f8=Q d1=Q 59. Qc8+ Kb4 60. Qb7+ Kc3 61. Qc7+ Kb3 62. Qb6+
Kc3 63. Qa5+ Kb3 64. Ba2+ Kc2 65. Qc5+ Kd2 66. Qg5+ Kc2 67. Qf5+ Kd2 68. Qf4+
Ke1 69. Qh4+ Kd2 70. Qd4+ 1/2-1/2

[Event "Volgograd"]
[Site "Volgograd"]
[Date "1995.??.??"]
[Round "?"]
[White "Yakovich, Yuri"]
[Black "Sedina, Elena"]
[Result "1-0"]
[WhiteElo "2555"]
[BlackElo "2340"]
[Annotator "Yakovich,Y"]
[PlyCount "45"]
[EventDate "1995.??.??"]
[EventType "game"]
[EventRounds "1"]
[EventCountry "RUS"]
[SourceTitle "CBM 049"]
[Source "ChessBase"]
[SourceDate "1995.12.01"]
[SourceVersion "1"]
[SourceVersionDate "1995.12.01"]
[SourceQuality "1"]

1. d4 Nf6 2. c4 g6 3. Nf3 c5 4. Nc3 cxd4 5. Nxd4 Bg7 6. e4 Nc6 7. Be3 Ng4 8.
Qxg4 Nxd4 9. Qd1 Ne6 10. Rc1 Qa5 11. Be2 d6 12. O-O Bd7 13. f4 $1 (13. Nd5 Bxb2
14. Rb1 Bg7 15. Rxb7 Nd8 $8 (15... Bc6 $6) 16. Qb3 Nxb7 17. Qxb7 Rd8 18. c5
dxc5 19. Bb5 $3 $40 {Voormans-Shek/corr/1988/89/0,5/30/}) 13... Nc5 (13... Bc6
14. f5 Nc5 15. f6 Bxf6 (15... exf6 16. Qxd6 Nxe4 17. Nxe4 Bxe4 18. Bf3 Bxf3 19.
Rce1 $3 $18) 16. Rxf6 exf6 17. Qxd6 Ne6 (17... Nxe4 18. Nxe4 Bxe4 19. Qxf6 Rg8
20. c5) 18. Nd5 Qd8 19. Qa3 $40) 14. e5 (14. Bd4 $5) 14... Bc6 (14... dxe5 15.
fxe5 $36) 15. exd6 Rd8 (15... O-O-O 16. Nd5 Bxd5 17. cxd5 exd6 18. Bd2 {/\b4+-/
}) 16. Nd5 Bxd5 17. dxe7 Kxe7 18. cxd5 Ne6 19. Bf3 Bxb2 20. Rb1 Qa3 21. Qe2
Qxe3+ 22. Qxe3 Bd4 23. Rfe1 $1 1-0